Marketingová strategie a ekologie

Ekologické problémy ako rozhodujúci faktor podnikateľskej politiky. Ochrana životného prostredia ako strategický konkurenčný problém. Ekológia ako faktor úspešnosti podniku. Ekonomické ciele podniku.

Gespeichert in:
Bibliographische Detailangaben
1. Verfasser: Vávrová, Věra
Format: Buchkapitel
Sprache:Tschechisch
Schlagworte:
Tags: Tag hinzufügen
Keine Tags, Fügen Sie das erste Tag hinzu!

MARC

LEADER 00000naa a2200000 4500
001 r026965
005 20230522111843.7
041 0 |a cze 
044 |a CZ 
245 1 0 |a Marketingová strategie a ekologie  |c Věra Vávrová 
520 |a Ekologické problémy ako rozhodujúci faktor podnikateľskej politiky. Ochrana životného prostredia ako strategický konkurenčný problém. Ekológia ako faktor úspešnosti podniku. Ekonomické ciele podniku. 
610 2 0 |a stratégia marketingová 
610 2 0 |a ekológia 
610 2 0 |a politika podnikania 
610 2 0 |a ochrana prostredia životného 
610 2 0 |a konkurencia 
610 2 0 |a podnik 
610 2 0 |a prostredie podnikové 
610 2 0 |a inovácia 
610 2 0 |a ciele podnikové 
100 1 |a Vávrová, Věra